000
00302nam a22001337a 4500
020
_a
978-93-82776-10-9
082
_a
894.812
_b
JOH/N
100
_a
JOSEPH JOHN
245
_a
NINGALKUM BEAUTICIANAAKAM
260
_a
THRISSUR
_b
H & C BOOKS
_c
2012
300
_a
96
650
_a
SELF CARE
_z
KERALA
942
_c
BK
999
_c
984
_d
984